000 00544nam a22001937a 4500
005 20171027150949.0
010 _aENG-120936
020 _c850.00
_a9788192648804
035 _aEN-104468
037 _bDBAD/PUB
082 _a801.95
100 _aRao, D.S.
245 _aPractical literary criticism :
_cby D.S. Rao
_ban indian take /
260 _aNew Delhi
_bVPA Book
_c2017
270 _aWZ 86-R, Todapur
_bNew Delhi
_e110012
300 _a285p.
_c23cm(Hb)
500 _aIncludes index
942 _2ddc
_cEN
_mRAO
_h801.95
999 _c146951
_d146951